[Event "Taastrup Weekend B6 18th"]
[Site "Taastrup"]
[Date "2013.11.23"]
[Round "2"]
[White "Andersen, Vladimir Kloster"]
[Black "Ahltorp, Gustav"]
[Result "1-0"]
[WhiteElo "1000"]
[BlackElo "1160"]
[PlyCount "61"]
[EventDate "2013.11.22"]
[EventType "tourn"]
[EventRounds "5"]
[EventCountry "DEN"]
[SourceTitle "EXT 2025"]
[Source "ChessBase"]
[SourceDate "2024.10.14"]
[SourceVersion "1"]
[SourceVersionDate "2024.10.14"]
[SourceQuality "1"]

1. e4 e5 2. Nf3 Nc6 3. d4 f6 4. d5 Nce7 5. Bc4 d6 6. Nc3 Bg4 7. Be3 Nh6 8. Qe2 Ng6 9. 0-0-0 Nf4 10. Qf1 Bxf3 11. gxf3 Be7 12. h4 Nf7 13. h5 Ng5 14. Re1 Nxf3 15. Rd1 Rg8 16. Bxf4 exf4 17. Qh3 Ne5 18. h6 gxh6 19. Qxh6 Rh8 20. Qg7 Kd7 21. Rxh7 Rxh7 22. Qxh7 Nxc4 23. Qf5+ Ke8 24. Rh1 Bf8 25. Rh7 Qc8 26. Qg6+ Kd8 27. Qf7 Qd7 28. Qxf8+ Qe8 29. Qg7 Ne5 30. Rh8 Qxh8 31. Qxh8+ 1-0